When Jesus was young / (Record no. 12274)
[ view plain ]
| 000 -LEADER | |
|---|---|
| fixed length control field | 00666nam a22002177a 4500 |
| 003 - CONTROL NUMBER IDENTIFIER | |
| control field | OSt |
| 005 - DATE AND TIME OF LATEST TRANSACTION | |
| control field | 20140310182348.0 |
| 008 - FIXED-LENGTH DATA ELEMENTS--GENERAL INFORMATION | |
| fixed length control field | 130928t xxu||||| |||| 00| 0 eng d |
| 020 ## - INTERNATIONAL STANDARD BOOK NUMBER | |
| International Standard Book Number | 9780745917788 |
| 050 ## - LIBRARY OF CONGRESS CALL NUMBER | |
| Classification number | BT 320 |
| Item number | .F73 1986 |
| 082 ## - DEWEY DECIMAL CLASSIFICATION NUMBER | |
| Classification number | GS 232.92 |
| Item number | F85 1986 |
| 100 ## - MAIN ENTRY--PERSONAL NAME | |
| Personal name | Frank, Penny |
| 9 (RLIN) | 22050 |
| 245 ## - TITLE STATEMENT | |
| Title | When Jesus was young / |
| Statement of responsibility, etc | story by Penny Frank; illustrated by John Haysom. |
| 260 ## - PUBLICATION, DISTRIBUTION, ETC. (IMPRINT) | |
| Place of publication, distribution, etc | Australia : |
| Name of publisher, distributor, etc | Lion Publishing, |
| Date of publication, distribution, etc | c1986. |
| 300 ## - PHYSICAL DESCRIPTION | |
| Extent | 23 p. : |
| Other physical details | ill, ; |
| Dimensions | 19 cm. |
| 541 ## - IMMEDIATE SOURCE OF ACQUISITION NOTE | |
| -- | 1 |
| 562 ## - COPY AND VERSION IDENTIFICATION NOTE | |
| Number of copies | 1 |
| 650 ## - SUBJECT ADDED ENTRY--TOPICAL TERM | |
| Topical term or geographic name as entry element | Jesus Christ |
| General subdivision | Childhood |
| -- | Juvenile literature. |
| 9 (RLIN) | 22051 |
| 650 ## - SUBJECT ADDED ENTRY--TOPICAL TERM | |
| Topical term or geographic name as entry element | Bible stories |
| General subdivision | N.T. |
| 9 (RLIN) | 22052 |
| 942 ## - ADDED ENTRY ELEMENTS (KOHA) | |
| Source of classification or shelving scheme | Library of Congress Classification |
| Koha item type | |
| Withdrawn status | Lost status | Source of classification or shelving scheme | Damaged status | Home library | Current library | Shelving location | Date acquired | Total Checkouts | Full call number | Barcode | Date last seen | Copy number | Price effective from | Koha item type |
|---|---|---|---|---|---|---|---|---|---|---|---|---|---|---|
| Library of Congress Classification | Luxembourg Library | Luxembourg Library | Grade School Section | 09/28/2013 | BT 320 .F73 1989 | 11167 | 10/28/2015 | 1 | 09/28/2013 | Books |